Statistics for South Carolina Trivia

Click here to take the quiz!

General Stats

  • This quiz has been taken 104 times
  • The average score is 12 of 20

Answer Stats

Question Answer % Correct
Person for who the state is named forKing Charles
99%
Capital cityColumbia
96%
Oldest cityCharleston
96%
Biggest universityUniversity of South Carolina
96%
Second biggest universityClemson University
96%
The first shots of the Civil War were fired upon...Fort Sumter
90%
...by cadets of this collegeThe Citadel
88%
State nicknameThe Palmetto State
82%
River that forms most of the border with GeorgiaSavannah
67%
President born near the borderAndrew Jackson
65%
Oldest serving senator in U.S. historyStrom Thurmond
62%
Oldest universityCollege of Charleston
54%
African American country singerDarius Rucker
50%
TV host and political satiristStephen Colbert
38%
National parkCongaree
32%
Baseball player banned from MLB"Shoeless" Joe Jackson
32%
State AnimalWhite-tailed Deer
28%
Vice President of the aboveJohn C. Calhoun
24%
Casual dining chain headquartered in SpartanburgDenny's
21%
Civil rights activist and Baptist ministerJesse Jackson
17%

Score Distribution

Percentile by Number Answered

Percent of People with Each Score

Your Score History

You have not taken this quiz